Catálogo
 En Linea
Vista normal Vista MARC

Entrada Nombre corporativo

Número de registros utilizados en: 2

001 - NÚMERO DE CONTROL

  • campo de control: 79007

003 - IDENTIFICADOR DEL NÚMERO DE CONTROL

  • campo de control: DO-SdBNP

005 - FECHA Y HORA DE LA ÚLTIMA TRANSACCIÓN

  • campo de control: 20210625105017.0

008 - DATOS DE LONGITUD FIJA

  • campo de control de longitud fija: 210625|| aca||aabn | a|a d

040 ## - FUENTE DE LA CATALOGACIÓN

  • Centro catalogador/agencia de origen: DO-SdBNP
  • Centro/agencia transcriptor: DO-SdBNP

110 ## - ENCABEZAMIENTO-NOMBRE DE ENTIDAD CORPORATIVA

  • Nombre de entidad corporativa o nombre de jurisdicción como elemento de entrada: International Association for the Study of Popular Music

670 ## - FUENTE DE DATOS ENCONTRADOS

  • Cita de la fuente: Work cat.: (DO-SdBNP)50002: Congreso de la Rama Latinoamericana de la Asociación Internacional para el Estudio de la Música Popular 13. : 2018 : San Juan, Puerto Rico) 79002, Del archivo a la playlist : historias, nostalgias, tecnologías , actas = , 2021

Con tecnología Koha